Normal view
MARC view
- Korea : the limited war
Entry Topical Term
001 - CONTROL NUMBER
- control field: 105821
003 - CONTROL NUMBER IDENTIFIER
- control field: NUST
005 - DATE AND TIME OF LATEST TRANSACTION
- control field: 20221224152721.0
008 - FIXED-LENGTH DATA ELEMENTS
- fixed length control field: 221224|| aca||aabn | a|a d
040 ## - CATALOGING SOURCE
- Original cataloging agency: NUST
- Transcribing agency: NUST
150 ## - HEADING--TOPICAL TERM
- Topical term or geographic name entry element: Korea : the limited war
670 ## - SOURCE DATA FOUND
- Source citation: Work cat.: (NUST)185750: Rees, David, 49057, Korea :, 1964
